Vamos a almorzar [juego] /

Guardado en:
Formato: Objeto Físico
Publicado: Argentina : Toyco, [200?]
Materias:
Etiquetas: Agregar Etiqueta
Sin Etiquetas, Sea el primero en etiquetar este registro!
LEADER 00618nrm a22001455g 4500
001 CEM.cems019394
008 130507b200?##################0###0#####d
005 20220830172328.0
245 0 0 |a Vamos a almorzar [juego] /  |c Toyco 
260 |a Argentina :  |b Toyco,  |c [200?] 
300 |a 1 juego (1 tablero, 24 caní­bales-en dos tribus, 3 dados) ; en caja 27 x 27 x 5 cm. + manual de instrucciones. 
500 |a Para 2 jugadores a partir de 12 años objetivo: colocar todos tus caníbales en el tablero antes que tu oponente. 
082 0 4 |a J794 
653 |a 1. juegos de estrategia 
859 |a CEMS  |b BIB. CEMS - Ludoteca  |h J794  |i T668  |p 320.05  |t Ej.1